书目信息 |
| 题名: |
夕阳下的惊鸟
|
|
| 作者: | 魏秋星 著 | |
| 分册: | ||
| 出版信息: | 北京 中国社会出版社 2008.04 |
|
| 页数: | 186页 | |
| 开本: | 26cm | |
| 丛书名: | ||
| 单 册: | ||
| 中图分类: | I247.5 | |
| 科图分类: | ||
| 主题词: | 小说--中国 | |
| 电子资源: | ||
| ISBN: | 978-7-5087-2166-8 | |
| 000 | 00791nam0 2200229 450 | |
| 001 | 616684 | |
| 005 | 20100811100729.87 | |
| 010 | @a978-7-5087-2166-8@dCNY22.00 | |
| 100 | @a20100515d2005 km y0chiy0120 ea | |
| 101 | 0 | @achi |
| 102 | @aCN@b110000 | |
| 105 | @ay a 000yy | |
| 200 | 1 | @a夕阳下的惊鸟@Axi yang xia de jing niao@f魏秋星著@Fwei qiu xing zhu |
| 210 | @a北京@c中国社会出版社@d2008.04 | |
| 215 | @a186页@d26cm | |
| 330 | @a中国古代圣贤老子说的“忧生智”,确实符合人类在绵绵生存史中对“智慧”能帮助人类前进的颂扬。这些保存在人类久远记忆中的如协助黄帝、阜陶断案的,我们那个神奇的独角兽,就是公正、智慧的化身。 | |
| 540 | @a夕阳下的惊鸟 | |
| 606 | 0 | @a小说@x中国 |
| 690 | @aI247.5@v4 | |
| 701 | 0 | @a魏秋星@Awei qiu xing@4著 |
| 801 | @aCN@c20100515 | |
| 905 | @dI247.5@eW590@f5 | |
| 夕阳下的惊鸟/魏秋星著.-北京:中国社会出版社,2008.04 |
| 186页;26cm |
| ISBN 978-7-5087-2166-8:CNY22.00 |
| 中国古代圣贤老子说的“忧生智”,确实符合人类在绵绵生存史中对“智慧”能帮助人类前进的颂扬。这些保存在人类久远记忆中的如协助黄帝、阜陶断案的,我们那个神奇的独角兽,就是公正、智慧的化身。 |
| ● |
| 相关链接 |
|
|
|
正题名:夕阳下的惊鸟
索取号:I247.5/W590
 
预约/预借
| 序号 | 登录号 | 条形码 | 馆藏地/架位号 | 状态 | 备注 |
| 1 | 1023473 | 210234735 | 文学库108/400B社科库 20排3列4层/ [索取号:I247.5/W590] | 在馆 | |
| 2 | 1023474 | 210234744 | 文学库108/108文学库 37排3列3层/ [索取号:I247.5/W590] | 在馆 | |
| 3 | 1023475 | 210234753 | 文学库108/108文学库 37排3列3层/ [索取号:I247.5/W590] | 在馆 | |
| 4 | 1023476 | 210234762 | 文学库108/400B社科库 20排4列5层/ [索取号:I247.5/W590] | 在馆 | |
| 5 | 1023477 | 210234771 | 文学库108/108文学库 37排3列3层/ [索取号:I247.5/W590] | 在馆 |